An outline of the American economy.

Enregistré dans:
Détails bibliographiques
Format: Livre
Publié: USA 1992
Tags: Ajouter un tag
Pas de tags, Soyez le premier à ajouter un tag!
Thư viện lưu trữ: Mạng thư viện Đại học Đà Nẵng
LEADER 00467nam a2200205 a 4500
001 000029270
003 2710
005 20171030145630.0
008 171030s1992
040 |a LTT 
082 0 |a 330.07  |b Ou-A 
245 0 0 |a An outline of the American economy. 
260 |b USA  |c 1992 
OWN |a LTT 
999 |a From the UDN01 
TYP |a Monograph 
TYP |a Printed language 
980 |a Mạng thư viện Đại học Đà Nẵng